| 000 | 00835 a2200205 4500 | ||
|---|---|---|---|
| 003 | NUST | ||
| 005 | 20221114143719.0 | ||
| 010 | _a 85013673 | ||
| 020 | _a0023698101 | ||
| 040 | _cNust | ||
| 082 | 0 | 0 | _a512.5,LEO |
| 100 | 1 |
_aLeon, Steven J. _9102586 |
|
| 245 | 1 | 0 |
_aLinear algebra with applications / _cSteven J. Leon. |
| 250 | _a2nd ed. | ||
| 260 |
_aNew York : _bMacmillan ; _aLondon : _bCollier Macmillan, _cc1986. |
||
| 300 |
_axv, 408 p. : _bill. ; _c26 cm. |
||
| 505 | _aMatrices and Systems of Equations (Page-1), Determinants (Page-63), Vector Spaces (Page-85), Linear Transformation (Page-127), Orthogonality (Page-157), Eigen values (Page-229), Numerical Linear Algebra (Page-301), Bibliography (Page-381), Answer to Selected Exercises (Page-385). | ||
| 650 | 0 |
_aAlgebras, Linear. _910720 |
|
| 942 |
_2ddc _cBK _k512.5,LEO |
||
| 999 |
_c179001 _d179001 |
||